Normal view
MARC view
- الشركات-محاسبة- صناعة الادوية-وطبية -سامراء-العراق
Entry Topical Term
001 - CONTROL NUMBER
- control field: 61203
003 - CONTROL NUMBER IDENTIFIER
- control field: JO-AjAnu
005 - DATE AND TIME OF LATEST TRANSACTION
- control field: 20230606084012.0
008 - FIXED-LENGTH DATA ELEMENTS
- fixed length control field: 230606|| aca||aabn | a|a d
040 ## - CATALOGING SOURCE
- Original cataloging agency: JO-AjAnu
- Transcribing agency: JO-AjAnu
150 ## - HEADING--TOPICAL TERM
- Topical term or geographic name entry element: الشركات-محاسبة- صناعة الادوية-وطبية -سامراء-العراق
670 ## - SOURCE DATA FOUND
- Source citation: Work cat.: (JO-AjAnu)31216: اعداد هجيج، احمد حسين محمد؛ اشراف مأمون محمد القضاة, author 61202, اثر استخدام بطاقة الاداء المتوازن على حوافز الشركات الصناعية العراقية: دراسة حالة على الشركة العامة لصناعة الادوية والمستلزمات الطبية/سامراء = The Effect of using A Balanced Scorecard on the Incentives of iraqi Industrial Companies: A Case Study on the State company for drugs industrt and medical appliances/Samarra